Onde essa cerveja foi criada? - Statistics

Estatísticas Gerais
  • Esse quiz foi jogado 52 vezes
  • A pontuação média é 14 de 15
Estatísticas das Respostas
Imagem Resposta % Correto
Brasil
100%
Brasil
100%
Brasil
100%
Alemanha
98%
Estados Unidos
95%
Estados Unidos
95%
Estados Unidos
95%
Estados Unidos
95%
Mexico
95%
Belgica
93%
Paises Baixos
91%
Paises Baixos
89%
Irlanda
84%
Dinamarca
75%
Dinamarca
75%
Nenhum quiz correspondente encontrado
Distribuição das Pontuações
Porcentagem de Pessoas com Cada Pontuação
Percentil de Números Respondidos
Sua Pontuação Histórica
Você não jogou esse quiz